|
|
|
|
| LEADER |
00000nam a2200000 a 4500 |
| 003 |
Ucuenca |
| 005 |
20230308230441.0 |
| 008 |
007032|1981 sz |||||r|||||||||||spa|| |
| 020 |
|
|
|a 92 4 354160 9
|
| 040 |
|
|
|b spa
|
| 041 |
0 |
|
|a es
|
| 082 |
0 |
|
|a 348
|
| 110 |
2 |
|
|a Organización Mundial de la Salud.
|g OMS
|9 2528
|
| 245 |
|
|
|a Código internacional de comercialización de sucedáneos de la leche materna
|c Organización Mundial de la Salud
|h imp
|
| 264 |
|
|
|a Ginebra
|b OMS
|c 1981
|
| 300 |
|
|
|a 38 páginas:
|c 21 cm
|
| 650 |
|
0 |
|a Leyes internacionales
|9 45970
|
| 650 |
|
0 |
|a Sucedaneos
|9 91063
|
| 650 |
|
0 |
|a Leche materna
|9 91064
|
| 852 |
|
|
|a UC-CDJBV
|
| 942 |
|
|
|c BK
|2 ddc
|z bladimir.cabrerar@ucuenca.edu.ec
|
| 999 |
|
|
|c 156645
|d 156645
|